[Event "Frankfurt Ch 2005"]
[Site "Ffm-Kalbach, LAZ"]
[Date "2005.06.13"]
[Round "7"]
[White "Liebert, Monika"]
[Black "Pomeranets, Igor"]
[Result "0-1"]
[WhiteElo "1102"]
[BlackElo "1459"]
[PlyCount "110"]
[EventDate "2005.??.??"]

1. e4 c5 2. Nf3 d6 3. Nc3 Nc6 4. Bb5 Bd7 5. O-O e5 6. Nd5 Nf6 7. d3 a6 8. Bxc6
Bxc6 9. c4 Be7 10. Bd2 O-O 11. h3 Nxd5 12. cxd5 Bd7 13. Nh2 f5 14. f3 f4 15.
Be1 Bh4 16. Bf2 h5 17. b3 Qg5 18. Bxh4 Qxh4 19. Qe1 Qg5 20. Kh1 Qg3 21. h4 Rf6
22. Rg1 a5 23. a4 Qg6 24. Qf2 b5 25. Nf1 bxa4 26. bxa4 Rb8 27. Nd2 Rb4 28. Nc4
Rxa4 29. Rxa4 Bxa4 30. Nxa5 Qe8 31. g4 fxg3 32. Rxg3 Qb5 33. Nc4 Qb1+ 34. Qg1
Qxg1+ 35. Kxg1 Bc2 36. Nb2 Rf4 37. Rh3 Rf7 38. Kf2 Rb7 39. Nc4 Rd7 40. Ke3 Kf7
41. Rg3 Kf6 42. Rg5 g6 43. Nb6 Rd8 44. Rg2 Bd1 45. f4 exf4+ 46. Kxf4 Bg4 47.
Rf2 Kg7 48. Nc4 Kf6 49. Ne3 Bc8 50. Nc4 Ba6 51. Rb2 Bxc4 52. dxc4 Rd7 53. Rb8
Kg7 54. Re8 Kf7 55. Kg5 Kxe8 0-1